| 000 | 00763ctm a22001815a 4500 | ||
|---|---|---|---|
| 001 | L140761 | ||
| 008 | 071010s1833 xxk eng u | ||
| 035 | _a(Sirsi) u140761 | ||
| 041 | 0 | _aeng | |
| 245 | 0 | 0 |
_aInventory of household furniture and effects belonging to the late W. Webster, Mountfields, Shrewsbury _h[manuscript] |
| 260 | _c[1833] | ||
| 300 |
_a1 v. _c20 cm. + _e2 sheets (20 x 14 cm. and 20 x 16 cm.) |
||
| 351 | _cSingle item | ||
| 500 | _aA notebook listing goods belonging to W. Webster and their values, and giving details of their sale. Accompanied by two manuscript sheets, one a receipted bill from the valuer, Mr Tisdale, and the other a summary of the valuation and sale. | ||
| 651 | 4 | _aShrewsbury | |
| 690 | _aPROPERTY | ||
| 942 | _n0 | ||
| 999 |
_c116462 _d116462 |
||